Rozvoj algoritmů a technologií zpracování a syntézy obrazu = Progress in algorithms of image processing and synthesis : teze přednášky k profesorskému jmenovacímu řízení v oboru Výpočetní technika a informatika /

Hlavní autor: Zemčík, Pavel, 1965-
Korporativní autor: Vysoké učení technické v Brně
Další autoři: Vysoké učení technické v Brně. Ústav počítačové grafiky a multimédií
Jazyk: Čeština
Vydáno: Brno : VUTIUM, 2011
Edice: Vědecké spisy Vysokého učení technického v Brně. Habilitační a inaugurační spisy, sv. 406
Témata:
Fyzický popis: 23 s. : il. ; 24 cm
Language note: Anglické resumé
Knihy
Uloženo v:
LEADER 02329nam a2200493 a 4500
001 nkc20122276210
003 CZ PrNK
005 20120410122418.0
007 ta
008 120118s2011 xr a f m 000 0 cze
015 |a cnb002276210 
020 |a 978-80-214-4360-0  |q (brož.) 
035 |a (OCoLC)794207728 
040 |a BOA001  |b cze  |d ABA001 
041 0 |a cze  |b eng 
072 7 |a 004.9  |x Speciální počítačové metody. Počítačová grafika  |2 Konspekt  |9 23 
080 |a 004.932  |2 MRF 
080 |a (043.5:042.3)  |2 MRF 
080 |a (048.3)  |2 MRF 
100 1 |a Zemčík, Pavel,  |d 1965-  |7 jo2012691874  |4 aut 
245 1 0 |a Rozvoj algoritmů a technologií zpracování a syntézy obrazu =  |b Progress in algorithms of image processing and synthesis : teze přednášky k profesorskému jmenovacímu řízení v oboru Výpočetní technika a informatika /  |c Pavel Zemčík 
246 3 1 |a Progress in algorithms of image processing and synthesis 
260 |a Brno :  |b VUTIUM,  |c 2011 
300 |a 23 s. :  |b il. ;  |c 24 cm 
490 1 |a Vědecké spisy Vysokého učení technického v Brně. Habilitační a inaugurační spisy,  |x 1213-418X ;  |v sv. 406 
500 |a Nad názvem: Vysoké učení technické v Brně, Fakulta informačních technologií, Ústav počítačové grafiky a multimédií 
504 |a Obsahuje bibliografii 
546 |a Anglické resumé 
550 |a Vydavatel: Vysoké učení technické v Brně 
650 0 7 |a počítačové zpracování obrazu  |7 ph171357  |2 czenas 
650 0 9 |a computer image processing  |2 eczenas 
655 7 |a profesorské přednášky  |7 fd187329  |2 czenas 
655 7 |a teze  |7 fd133701  |2 czenas 
655 9 |a inauguration lectures  |2 eczenas 
655 9 |a abstracts  |2 eczenas 
710 2 |a Vysoké učení technické v Brně  |7 kn20010709205 
710 2 |a Vysoké učení technické v Brně.  |b Ústav počítačové grafiky a multimédií  |7 mzk2003195530 
810 2 |a Vysoké učení technické v Brně.  |t Vědecké spisy.  |p Habilitační a inaugurační spisy  |0 s 
910 2 |a BOA001  |b 2-1279.299 
990 |a BK 
995 |a 01 
991 |b 201202  |c NOV  |e n 
996 6 |b 2610500450  |c 2-1279.299  |l MZK  |r Sklad / do 1 hodiny  |n 0  |p p.v.  |w 001224785  |u 000010  |a 1  |e BOA001  |j MZK50  |s P 
996 7 |b 2610500451  |c 2-1279.299  |l MZK  |r Sklad / do 1 hodiny  |n 3  |p p.v.  |w 001224785  |u 000020  |a 1  |e BOA001  |j MZK50  |s A